• 首页
  • 本馆介绍
  • 公告通知
  • 最新文献
  • 馆藏检索
  • 电子资源
  • 读者导购
  • 参考咨询
  • 我的图书馆
  • 登录
  • 详细信息显示
  • 放入我的书架
  • 预约/预借图书
  • 作者相关作品
  • 分类相关作品
  • 丛书相关作品
  • 出版社相关作品

书目信息

  • 表格格式
  • 工作单格式
  • 卡片格式
题名:
绿色奥运
    
 
作者: 李培超 著
分册:  
出版信息: 长沙   湖南师范大学出版社  2008
页数: 295页
开本: 23cm
丛书名: 体育伦理学研究丛书
单 册:
中图分类: G811.211
科图分类:
主题词: 夏季奥运会--体育运动史--研究 , 夏季奥运会 , 体育运动史
电子资源:
ISBN: 978-7-81081-894-0
000 01302oam2 2200301 45
001 1130234422
005 20110309093358.25
010    @a978-7-81081-894-0@dCNY80.00
100    @a20110122d2008 em y0chiy50 ea
101 0  @achi@eeng
102    @aCN@b430000
105    @aa z 000yy
106    @ar
200 1  @a绿色奥运@ALu^ Se Ao Yun@e历史穿越及价值蕴涵@ELi Shi Chuan Yue Ji Jia Zhi Yun Han@dRetrospect and value implication of green Olympics@f李培超著@FLi Pei Chao Zhu@zeng
210    @a长沙@c湖南师范大学出版社@d2008
215    @a295页@c图,照片@d23cm
225 2  @a体育伦理学研究丛书
300    @a国家社科基金重大项目“我国生态文明发展战略研究”阶段性成果 教育部人文社会科学百所重点研究基地湖南师范大学道德文化研究中心“十一五”规划项目
330    @a本书内容包括:师法自然:原始文明和农耕文明对体育的涵育;改造自然和启蒙人性:工业文明的勃兴及现代奥运会的奠基;冷清与喧闹:现代奥运会的足迹;紧张与疏离:现代奥运会“异化”的解析等。
461  0 @12001 @a体育伦理学研究丛书
510 1  @aRetrospect and value implication of green Olympics@zeng
606 0  @a夏季奥运会@x体育运动史@x研究
606 0  @a夏季奥运会
606 0  @a体育运动史
690    @aG811.211@v4
701  0 @a李培超@ALi Pei Chao@f(1966~)@4著
801  0 @aCN@bTANGWEI@c20110309
905    @b0530766-69@dG811.211@e59@f4
    
    绿色奥运:历史穿越及价值蕴涵=Retrospect and value implication of green Olympics/李培超著.-长沙:湖南师范大学出版社,2008
    295页:图,照片;23cm.-(体育伦理学研究丛书)
    国家社科基金重大项目“我国生态文明发展战略研究”阶段性成果 教育部人文社会科学百所重点研究基地湖南师范大学道德文化研究中心“十一五”规划项目
    
    ISBN 978-7-81081-894-0:CNY80.00
    本书内容包括:师法自然:原始文明和农耕文明对体育的涵育;改造自然和启蒙人性:工业文明的勃兴及现代奥运会的奠基;冷清与喧闹:现代奥运会的足迹;紧张与疏离:现代奥运会“异化”的解析等。
●
相关链接 在E读中查询图书 在五车中查询图书 在当当中查询图书 在豆瓣中查询图书


正题名:绿色奥运     索取号:G811.211/59         预约/预借

序号 登录号 条形码 馆藏地/架位号 状态 备注
1 0530766   205307666   第一样本阅览室/ [索取号:G811.211/59] 在馆    
2 0530767   205307675   密集书库-体育系/ [索取号:G811.211/59] 在馆    
3 0530768   205307684   第四借阅区/ [索取号:G811.211/59] 在馆    
4 0530769   205307693   第四借阅区/ [索取号:G811.211/59] 在馆    
唐山师范学院图书馆 欢迎您!
大连网信软件有限公司© 版权所有